UM Logo

Measuring moral politics : (Record no. 20401)

MARC details
000 -LEADER
fixed length control field 01195nam a2200241 4500
005 - DATE AND TIME OF LATEST TRANSACTION
control field 20260304083452.0
008 - FIXED-LENGTH DATA ELEMENTS--GENERAL INFORMATION
fixed length control field 240814b ||||| |||| 00| 0 eng d
082 ## - DEWEY DECIMAL CLASSIFICATION NUMBER
Classification number DPer 155.205 J826 April-June 2020 v. 118 n. 4-6
100 ## - MAIN ENTRY--PERSONAL NAME
Personal name Feinberg, Matthew.
Relator term author.
9 (RLIN) 57579
245 ## - TITLE STATEMENT
Title Measuring moral politics :
Remainder of title how strict and nurturant family values explain individual differences in conservatism, liberalism, and the political middle /
Statement of responsibility, etc. Matthew Feinberg, Joanne M. Chung, Elisabeth Wehling, Laura R. Saslow, and Ingrid Melvaer Paulin.
260 ## - PUBLICATION, DISTRIBUTION, ETC. (IMPRINT)
Place of publication, distribution, etc. Washington ;
Name of publisher, distributor, etc. American Psychological Association ,
Date of publication, distribution, etc. April 2020.
300 ## - PHYSICAL DESCRIPTION
Extent Volume 118, pages 777-804 :
Other physical details illustration ;
Dimensions 28 cm.
500 ## - GENERAL NOTE
General note Journal of Personality and Social Psychology, vol. 118, no. 4, pages 777-804, April 2020.
650 ## - SUBJECT ADDED ENTRY--TOPICAL TERM
Topical term or geographic name as entry element Political psychology.
9 (RLIN) 60062
650 ## - SUBJECT ADDED ENTRY--TOPICAL TERM
Topical term or geographic name as entry element Individuality.
9 (RLIN) 19964
650 ## - SUBJECT ADDED ENTRY--TOPICAL TERM
Form subdivision Persuasion (Psychology).
9 (RLIN) 59996
700 ## - ADDED ENTRY--PERSONAL NAME
Personal name Feinberg, Matthew.
Relator term author.
9 (RLIN) 57579
700 ## - ADDED ENTRY--PERSONAL NAME
Personal name Chung, Joanne M. and
Relator term author.
9 (RLIN) 57580
700 ## - ADDED ENTRY--PERSONAL NAME
Personal name Wehling, Elisabeth.
Relator term author.
9 (RLIN) 57581
700 ## - ADDED ENTRY--PERSONAL NAME
Personal name Saslow, Laura R.
Relator term author.
9 (RLIN) 57582
700 ## - ADDED ENTRY--PERSONAL NAME
Personal name Paulin, Ingrid Melvær.
Relator term author.
9 (RLIN) 57583
942 ## - ADDED ENTRY ELEMENTS (KOHA)
Source of classification or shelving scheme Dewey Decimal Classification
Koha item type Periodicals
Holdings
Withdrawn status Lost status Source of classification or shelving scheme Damaged status Not for loan Collection code Home library Current library Date acquired Total Checkouts Full call number Date last seen Price effective from Koha item type Public note
    Dewey Decimal Classification     Periodicals UM Digos College - LIC UM Digos College - LIC 08/14/2024   DPer 155.205 J826 April-June 2020 v. 118 n. 4-6 08/14/2024 08/14/2024 Periodicals Periodical Article